Espacios de justicia y libertad : del juzgado de antaño al Palacio de Justicia Federal /
Historia del Poder Judicial de la Federación contada a través de los cerca de 220 inmuebles que dan cobijo a las instalaciones donde se imparte la justicia a lo largo del territorio nacional, entre Palacios de Justicia Federal, edificios de juzgados y tribunales, oficinas administrativas, casas de l...
Uloženo v:
| Korporativní autor: | |
|---|---|
| Další autoři: | , |
| Médium: | Kniha |
| Jazyk: | španělština |
| Vydáno: |
México :
Poder Judicial de la Federación, Consejo de la Judicatura Federal,
2004, c2004
|
| Témata: | |
| Tagy: |
Žádné tagy, Buďte první, kdo vytvoří štítek k tomuto záznamu!
|
MARC
| LEADER | 00000nam^a2200000^a^4500 | ||
|---|---|---|---|
| 001 | 000195854 | ||
| 005 | 20250521000000.0 | ||
| 009 | 20260310102807.16 | ||
| 020 | |a 968-5976-03-1 | ||
| 025 | |a Donación Suprema Corte de Justicia de la Nación, 1 ejemplar | ||
| 037 | |a Acervo ITESO - Biblioteca | ||
| 041 | |a ESP | ||
| 082 | |a 720. 97206 |b MEX ESP | ||
| 110 | |a México. |b Poder Judicial de la Federación. Consejo de la Judicatura Federal | ||
| 245 | 1 | 0 | |a Espacios de justicia y libertad : |b del juzgado de antaño al Palacio de Justicia Federal / |c Presen. de M. Azuela Güitrón ; pref. de M. Rivero Borrell ; introd. de Constancio Carrasco Daza ; |
| 264 | 4 | |a México : |b Poder Judicial de la Federación, Consejo de la Judicatura Federal, |c 2004, c2004 | |
| 300 | |a 383 p. | ||
| 336 | |a texto |b txt |2 rdacontenido | ||
| 337 | |a sin mediación |b n |2 rdamedio | ||
| 338 | |a volumen |b nc |2 rdasoporte | ||
| 520 | |a Historia del Poder Judicial de la Federación contada a través de los cerca de 220 inmuebles que dan cobijo a las instalaciones donde se imparte la justicia a lo largo del territorio nacional, entre Palacios de Justicia Federal, edificios de juzgados y tribunales, oficinas administrativas, casas de la Cultura Jurídica, sedes del Consejo de la Judicatura Federal, del Tribunal Electoral. Tras el terremoto de 1985 la construcción de estas edificaciones ha sido planeada teniendo siempre en cuenta la protección de las instalaciones y de los archivos; se trata de edificios cuyo diseño busca ser un reflejo de la justicia y la libertad que buscan los ciudadanos que a ahí acuden. | ||
| 649 | |a XX | ||
| 650 | |a Tribunales - |z México | ||
| 650 | |a Edificios Públicos - |z México | ||
| 650 | |a Justicia - |x Administración - |z México | ||
| 650 | |a Poder Judicial - |z México - |x Historia - |x Tema Principal | ||
| 650 | |a Suprema Corte de Justicia de la Nación - |z México - |x Historia | ||
| 650 | |a Construcción Antisísmica - |z México | ||
| 650 | |a Arquitectura Mexicana - |y Siglo XX - |x Tema Principal | ||
| 650 | |a Arquitectura Mexicana - |x Historia y Crítica | ||
| 650 | |a Arte Mexicano - |x Historia y Crítica | ||
| 700 | |a Azuela Güitrón, Mariano |e (presentación) | ||
| 700 | |a Rivero Borrell, Mauricio |e (prefacio) | ||
| 910 | |a Fondo General | ||
| 920 | |a Impresos - Libros | ||
| 930 | |a Colección General | ||
| 905 | |a 101 | ||
| 901 | |a 0500141845 |b IT1 |c ACC |i D |u 20250521 | ||
| 902 | |a https://opac.biblio.iteso.mx/vufind/Record/000195854 | ||